000 00716nam a2200217Ia 4500
001 5040
003 GE_BSU
008 181216s||||||||xx |||||||||||||| ||und||
040 _cGE_BSU
080 _a621.83.001(035)
100 _aЧернавский,С.А. Ицкович,Г.М. Кисилев,В.А. и др.
245 _aПроектирование механических передач.
245 _cНаучн. ред. С.А.Чернавский.
250 _aИзд. второе, перераб.
260 _aМ.
260 _bМашгиз.
260 _c1963.
300 _a800 стр. 22 см.
653 _aПроектирование механических передач.
942 _cBK
999 _c38726
_d38726